Poetika : (Record no. 13174)

MARC details
000 -BAŞLIK
Sabit Uzunlukta Kontrol Alanı 00853nam a2200229 4500
999 ## - SİSTEM KONTROL NUMARALARI (KOHA)
Koha Biblionumber 13174
Koha Biblioitemnumber 13174
003 - KONTROL NUMARASI IDENTIFIER
Denetim Alanı MIRAKIL
005 - SON İŞLEM TARİHİ VE ZAMANI
Denetim Alanı 20190418135411.0
008 - SABİT-BOY VERİ ELEMANLARI - GENEL BİLGİLER
Sabit Uzunlukta Kontrol Alanı 190418b tu ||||| |||| 00| 0 tur d
020 ## - ULUSLARARASI STANDART KİTAP NUMARASI
Uluslararası Standart Kitap Numarası 9786053326632
040 ## - KATALOGLAMA KAYNAK
Orijinal Kataloglama Ajansı TR-AnCHP
Metne Dönüştürmek Ajansı TR-AnCHP
041 ## - DİL KODU
Metin / Ses Parça Veya Ayrı Başlığın Dil Kodu tur
082 ## - DEWEY ONLU SINIFLANDIRMA NUMARASI
Sınıflandırma Numarası 808.1
Ürün Numarası A65p 2016
100 1# - ANA GİRİŞ - KİŞİSEL İSİM
Kişisel Ad Aristoteles
Bir Adıyla İlişkilendirilen Tarihler M.Ö. 384-322
245 10 - BAŞLIK TABLOSU
Başlık Poetika :
Başlığın Kalan şiir sanatı üzerine /
Sorumluluk Tablosu, Vb Aristoteles ; eski Yunanca aslından çeviren: Ari Çokona-Ömer Aygün
260 ## - YAYIN, DAĞITIM, VB
Yayın, Dağıtım, Vb Yeri İstanbul:
Yayıncı, Dağıtıcı, Vs Adı Türkiye İş Bankası Kültür Yayınları,
Yayın, Dağıtım, Vb Tarihi 2016.
300 ## - FİZİKSEL TANIM
Kapsam vııı, 124 s.:
Boyutlar 22 sm.
490 0# - SERİSİ TABLOSU
Seri Beyanı Türkiye İş Bankası Kültür Yayınları;
-- Hasan Ali Yücel Klasikleri Dizisi;
Hacim / Ardışık Tanımı Genel yayın 3474.
-- 270.
650 #0 - KONU KATMA GİRİŞ - TOPİKAL DÖNEM
9 (RLIN) 5125
Topikal Süreli Veya Coğrafi Ad Giriş Elemanı Yunan Edebiyatı
Genel Alt Bölümü retorik, şiir
700 ## - KATMA GİRİŞ - KİŞİSEL İSİM
9 (RLIN) 5639
Kişisel Ad Çokona, Ari
Relator Terim çev.
700 ## - KATMA GİRİŞ - KİŞİSEL İSİM
9 (RLIN) 5640
Kişisel Ad Aygün, Ömer
Relator Terim çev.
942 ## - EKLENDİ GİRİŞ ELEMANLARI (KOHA)
Sınıflandırma Veya Raf Düzeni Kaynak Dewey Decimal Classification
Koha Öğesi Türü Books
Holdings
Kalıcı Konum Mevcut Konum Edinme Tarihi Toplam Check-Out'Lar Tam Çağrı Numarası Barkod Tarih Son Görülme İtibaren Geçerli Fiyatlar Koha Öğesi Türü
CHP Kütüphanesi CHP Kütüphanesi 04/18/2019   808.1 A65p 2016 004295 04/18/2019 04/18/2019 Books